[Event "10. Bayer Open"]
[Site "?"]
[Date "2012.02.22"]
[Round "4"]
[White "Block, Wolfgang"]
[Black "Baier, Uwe"]
[Result "1-0"]
[WhiteElo "2089"]
[BlackElo "1718"]
[PlyCount "91"]
[EventDate "2012.??.??"]
[SourceDate "2012.01.12"]

1. d4 f5 2. e4 fxe4 3. Nc3 Nf6 4. Bg5 e6 5. Nxe4 Be7 6. Bxf6 Bxf6 7. Nf3 b6 8.
Bd3 Bb7 9. Qe2 Nc6 10. c3 Qe7 11. O-O-O O-O-O 12. Rhe1 g5 13. Ba6 g4 14. Bxb7+
Kxb7 15. Nfd2 h5 16. f4 Rdg8 17. g3 Qf8 18. Qg2 Kb8 19. d5 Nd8 20. Nxf6 Qxf6
21. Ne4 Qg7 22. Ng5 Re8 23. dxe6 Nxe6 24. Nxe6 Rxe6 25. Rxe6 dxe6 26. Qc6 Qg6
27. Rd7 Rc8 28. Re7 Qd3 29. Qxe6 Rd8 30. Qe2 Qd5 31. b3 Qh1+ 32. Kb2 Rd1 33.
Ka3 Qd5 34. Qe5 Qc6 35. Re6 Qd7 36. Qe4 Qd5 37. Qxd5 Rxd5 38. Rh6 Kb7 39. c4
Rf5 40. Kb2 Ka6 41. Kc3 Kb7 42. Kd3 Ra5 43. a4 Rf5 44. Ke4 Rc5 45. f5 a6 46. f6
1-0

[Event "10. Bayer Open"]
[Site "?"]
[Date "2012.02.22"]
[Round "4"]
[White "Pick, Stefan"]
[Black "Blomeyer, Peter"]
[Result "1/2-1/2"]
[WhiteElo "2113"]
[BlackElo "1769"]
[PlyCount "25"]
[EventDate "2012.??.??"]
[SourceDate "2012.01.12"]

1. Nf3 d6 2. d4 Nf6 3. g3 g6 4. Bg2 Bg7 5. O-O O-O 6. c4 c6 7. Nc3 Qc7 8. e4 e5
9. h3 Nbd7 10. dxe5 dxe5 11. Be3 b6 12. Qe2 Bb7 13. Rac1 1/2-1/2

[Event "10. Bayer Open"]
[Site "?"]
[Date "2012.02.22"]
[Round "4"]
[White "Maczkowiak, Thomas"]
[Black "Pützkaul, Karl"]
[Result "1/2-1/2"]
[WhiteElo "1833"]
[BlackElo "1778"]
[PlyCount "23"]
[EventDate "2012.??.??"]
[SourceDate "2012.01.12"]

1. Nf3 Nf6 2. g3 d5 3. Bg2 c6 4. O-O Bf5 5. c4 e6 6. b3 Nbd7 7. Bb2 h6 8. d3
Bd6 9. Nbd2 O-O 10. Qc2 Bh7 11. Rfc1 Qe7 12. a3 1/2-1/2

[Event "10. Bayer Open"]
[Site "?"]
[Date "2012.02.22"]
[Round "4"]
[White "Düxmann, Marcel"]
[Black "Brinkmann, Sven"]
[Result "1/2-1/2"]
[WhiteElo "1660"]
[BlackElo "1961"]
[PlyCount "49"]
[EventDate "2012.??.??"]
[SourceDate "2012.01.12"]

1. d4 d5 2. c4 e6 3. e3 Nf6 4. Nf3 Be7 5. Bd3 O-O 6. O-O {Weiß bietet Remis an.
} dxc4 7. Bxc4 b6 8. Nc3 Bb7 9. Qe2 Nbd7 10. Rd1 c6 11. Bd2 Qc7 12. Rac1 Rac8
13. Bd3 Qb8 14. Be1 e5 15. Bf5 Rcd8 16. Bh3 Rfe8 17. dxe5 Nxe5 18. Nd4 c5 19.
Nf5 Bf8 20. Rxd8 Rxd8 21. Rd1 a6 22. f4 Rxd1 23. Nxd1 Nc6 24. Nf2 Ne7 25. Bc3
1/2-1/2

[Event "10. Bayer Open"]
[Site "?"]
[Date "2012.02.22"]
[Round "4"]
[White "Friedsam, Manfred"]
[Black "Plückelmann, Thomas"]
[Result "1-0"]
[WhiteElo "1828"]
[BlackElo "1700"]
[PlyCount "40"]
[EventDate "2012.??.??"]
[SourceDate "2012.01.12"]

1. e4 e6 2. d4 d5 3. Nc3 Bb4 4. Bd2 dxe4 5. Qg4 Qxd4 6. O-O-O h5 7. Qg3 Bd6 8.
Bf4 Bxf4+ 9. Qxf4 Qb6 10. Qg5 Ne7 11. Nxe4 Rg8 12. Qxg7 $3 Nd7 13. Rxd7 $1 Kxd7
14. Nf6+ Kc6 15. Nxg8 Nxg8 16. Qxg8 Qxf2 17. Nf3 f5 18. Qe8+ Kd6 19. Bc4 Qe3+
20. Kb1 Kc5 1-0

[Event "10. Bayer Open"]
[Site "?"]
[Date "2012.02.22"]
[Round "4"]
[White "Janssen, Wolfgang"]
[Black "Scharff, Klaus"]
[Result "1-0"]
[WhiteElo "1670"]
[BlackElo "1885"]
[PlyCount "37"]
[EventDate "2012.??.??"]
[SourceDate "2012.01.12"]

1. Nf3 Nf6 2. g3 g6 3. Bg2 Bg7 4. O-O O-O 5. d3 d6 6. e4 e5 7. Nbd2 Nh5 8. Nh4
Nc6 9. c3 Qe8 10. g4 Qe7 11. Nxg6 hxg6 12. gxh5 gxh5 13. Qxh5 f5 14. Bh3 f4 15.
Bxc8 Raxc8 16. Nf3 Rf6 17. Kh1 Rh6 18. Qg4 Kh8 $4 19. Qxc8+ 1-0

[Event "10. Bayer Open"]
[Site "?"]
[Date "2012.02.22"]
[Round "4"]
[White "Speck, Stefan"]
[Black "Liebsch, Ulrich"]
[Result "1-0"]
[WhiteElo "1912"]
[BlackElo "1695"]
[PlyCount "67"]
[EventDate "2012.??.??"]
[SourceDate "2012.01.12"]

1. Nf3 f5 2. b3 Nf6 3. Bb2 e6 4. c4 Be7 5. g3 O-O 6. Bg2 Nc6 7. d4 d5 8. O-O a5
9. Nc3 Ne4 10. Rc1 Nb4 11. a3 Na6 12. Ne5 c6 13. Na4 Nb8 14. c5 Nd7 15. Nd3 Qe8
16. f3 Nef6 17. Nf2 Qh5 18. Qc2 Bd8 19. Nc3 Bc7 20. e4 fxe4 21. fxe4 Ng4 22.
Nxg4 Qxg4 23. Rxf8+ Nxf8 24. Qf2 Bd7 25. Rf1 Qg6 26. exd5 exd5 27. Bxd5+ Be6
28. Be4 Qh5 29. d5 cxd5 30. Nxd5 Bxd5 31. Qd4 Qg5 32. Bxd5+ Kh8 33. Rf7 Bxg3
34. Qxg7+ 1-0

[Event "10. Bayer Open"]
[Site "?"]
[Date "2012.02.22"]
[Round "4"]
[White "Schimpf, Rolf"]
[Black "Hoffmann, Frank"]
[Result "1/2-1/2"]
[WhiteElo "1676"]
[BlackElo "1726"]
[PlyCount "50"]
[EventDate "2012.??.??"]
[SourceDate "2012.01.12"]

1. f4 d5 2. Nf3 g6 3. e3 Bg7 4. d4 e6 5. Bd3 Nf6 6. O-O O-O 7. Nbd2 Nbd7 8. c3
c5 9. Ne5 Qc7 10. Ndf3 b6 11. Qe2 Bb7 12. Bd2 c4 13. Bc2 Nxe5 14. fxe5 Nd7 15.
Ng5 Rae8 16. Rf2 h6 17. Nh3 b5 18. Raf1 Qd8 19. Qg4 g5 20. Qh5 f5 21. exf6 Nxf6
22. Qg6 Bc6 23. Bb1 Qe7 24. Bc1 Rb8 25. b3 a5 1/2-1/2

[Event "10. Bayer Open"]
[Site "?"]
[Date "2012.02.22"]
[Round "4"]
[White "Blumenthal, Ralf"]
[Black "Eschweiler, Gottfried"]
[Result "1-0"]
[WhiteElo "1824"]
[BlackElo "1549"]
[PlyCount "59"]
[EventDate "2012.??.??"]
[SourceDate "2012.01.12"]

1. c4 Nf6 2. Nc3 g6 3. g3 Bg7 4. Bg2 O-O 5. d4 d6 6. Nf3 Nc6 7. O-O a6 8. d5
Na5 9. Qd3 c5 10. e4 Bd7 11. Rb1 b5 12. Nd2 b4 13. Ne2 Rb8 14. b3 Qc8 15. Re1
Nb7 16. Bb2 h5 17. f4 Bh3 18. e5 Nh7 19. Be4 dxe5 20. fxe5 Ng5 21. Nf4 Nxe4 22.
Nxe4 Bf5 23. Rbd1 Bxe4 24. Qxe4 Qg4 25. Qg2 Bh6 26. Rf1 g5 27. h3 Qf5 28. Nxh5
Qg6 29. g4 a5 30. d6 1-0

[Event "10. Bayer Open"]
[Site "?"]
[Date "2012.02.22"]
[Round "4"]
[White "Hoffmann, Hans-Paul"]
[Black "Weinmann-Musset, Manfred"]
[Result "1/2-1/2"]
[WhiteElo "1837"]
[BlackElo "1800"]
[PlyCount "120"]
[EventDate "2012.??.??"]
[SourceDate "2012.01.12"]

1. Nf3 f5 2. d4 Nf6 3. c4 c6 4. Nc3 d6 5. Qc2 Qc7 6. e4 fxe4 7. Nxe4 Nxe4 8.
Qxe4 g6 9. Bd3 Bg7 10. O-O Bf5 11. Qe2 O-O 12. Bxf5 Rxf5 13. Qe6+ Kh8 14. Ng5
Na6 15. Nf7+ Rxf7 16. Qxf7 Rf8 17. Qe6 Bxd4 18. Bg5 Nc5 19. Qe2 e5 20. Rad1 Ne6
21. Be3 c5 22. b3 Qf7 23. Rd3 g5 24. Bxd4 cxd4 25. Rf3 Nf4 26. Qe4 Qd7 27. g3
Qg4 28. Kh1 Qh3 29. Rg1 g4 30. Rxf4 exf4 31. Qxd4+ Kg8 32. Qd5+ Kg7 33. gxf4
Rf6 34. Qxb7+ Kh6 35. Qg2 Rxf4 36. Qxh3+ gxh3 37. Rg3 Rxf2 38. Rxh3+ Kg6 39.
Rd3 Rxa2 40. Rxd6+ Kg5 41. Rd3 Rc2 42. Kg1 h5 43. Rg3+ Kf4 44. Rg7 Rc3 45. Rf7+
Ke4 46. Rxa7 Rxb3 47. Kg2 h4 {Schwarz bietet Remis an.} 48. Rh7 Rb2+ 49. Kh3
Rb3+ 50. Kxh4 Rc3 51. Kg5 Ke5 52. Rh4 Rc2 53. h3 Rc3 54. Kg6 Rg3+ 55. Kf7 Kd6
56. Rh5 Rf3+ 57. Kg6 Ke6 58. h4 Rf4 59. c5 Rg4+ 60. Kh7 Kf7 {
Restliche Notation fehlt.} 1/2-1/2

[Event "10. Bayer Open"]
[Site "?"]
[Date "2012.02.22"]
[Round "4"]
[White "Witte, Volker"]
[Black "Rist, Kurt"]
[Result "1/2-1/2"]
[WhiteElo "1742"]
[BlackElo "1511"]
[PlyCount "98"]
[EventDate "2012.??.??"]
[SourceDate "2012.01.12"]

1. d4 Nf6 2. c4 e6 3. Nc3 Bb4 4. Qc2 c5 5. e3 b6 6. Bd2 cxd4 7. exd4 Bb7 8.
Nge2 O-O 9. a3 Be7 10. Ng3 Nc6 11. Be3 d5 12. cxd5 exd5 13. Bd3 Re8 14. h3 Rc8
15. O-O Na5 16. Qd1 Nc4 17. Bxc4 Rxc4 18. Qd2 Bf8 19. Rfc1 Qd7 20. Nge2 Rec8
21. Nf4 a6 22. Nd3 Bd6 23. Ne5 Bxe5 24. dxe5 d4 25. exf6 Qc6 26. f3 dxe3 27.
Qxe3 gxf6 28. Re1 f5 29. Rad1 f4 30. Qe7 Qc5+ 31. Qxc5 R4xc5 32. Re7 Bc6 33.
Rd4 Kf8 34. Ra7 Rf5 35. Rxa6 Rb8 36. Rb4 Rg5 37. Kf2 Rd8 38. Ne4 Bxe4 39. fxe4
Rg3 40. e5 Rd2+ 41. Ke1 Rgxg2 42. Raxb6 f3 43. Rb8+ Ke7 44. R8b7+ Ke6 45. R7b6+
Kxe5 46. R6b5+ Rd5 47. Rxd5+ Kxd5 48. a4 Kc5 49. Rb8 Kd4 1/2-1/2

[Event "10. Bayer Open"]
[Site "?"]
[Date "2012.02.22"]
[Round "4"]
[White "Vranidis, Athanassios"]
[Black "Döring, Mirko"]
[Result "1-0"]
[WhiteElo "1720"]
[BlackElo "1520"]
[PlyCount "93"]
[EventDate "2012.??.??"]
[SourceDate "2012.01.12"]

1. d4 Nf6 2. c4 g6 3. Nc3 Bg7 4. e4 d6 5. Nf3 O-O 6. Be2 Re8 7. O-O c6 8. h3
Qc7 9. Be3 e5 10. d5 a6 11. Rc1 c5 12. Nd2 Kh8 13. f4 Bh6 14. Qe1 Ng8 15. Qg3
f5 16. fxe5 Bxe3+ 17. Qxe3 Rxe5 18. Nf3 Re8 19. Qf4 Qe7 20. Bd3 Nd7 21. Rce1
Ne5 22. exf5 Bxf5 23. Bxf5 gxf5 24. Nxe5 dxe5 25. Qxf5 Qg7 26. Re2 Nh6 27. Qf6
Qxf6 28. Rxf6 Kg7 29. Re6 Rxe6 30. dxe6 Kf6 31. Ne4+ Kxe6 32. Nxc5+ Kf5 33.
Nxb7 e4 34. Nc5 Rc8 35. Nxe4 Kf4 36. b3 Nf5 37. Nc3 Ng3 38. Nd5+ Kg5 39. Re5+
Kh4 40. Re6 h5 41. Rxa6 Rf8 42. Rf6 Ra8 43. a4 Re8 44. Rf4+ Kg5 45. Kf2 Nf5 46.
a5 Nd6 47. h4+ 1-0

[Event "10. Bayer Open"]
[Site "?"]
[Date "2012.02.22"]
[Round "4"]
[White "Meyer, Stefan"]
[Black "Ziabari, Morteza"]
[Result "0-1"]
[WhiteElo "1662"]
[BlackElo "1791"]
[PlyCount "116"]
[EventDate "2012.??.??"]
[SourceDate "2012.01.12"]

1. d4 d5 2. c4 e6 3. Nc3 Nf6 4. cxd5 exd5 5. Bg5 c6 6. Qc2 h6 7. Bxf6 Qxf6 8.
Nxd5 Qxd4 9. Rd1 Bb4+ 10. Nxb4 Qxb4+ 11. Rd2 O-O 12. a3 Qa5 13. e3 Be6 14. Nf3
Na6 15. Be2 Rad8 16. O-O Rxd2 17. Nxd2 Qc5 18. Qxc5 Nxc5 19. Rd1 Na4 20. Nf3
Nxb2 21. Rb1 Nc4 22. Rxb7 Nxa3 23. Rxa7 Nb5 24. Bxb5 cxb5 25. Rb7 Ra8 26. h3
Ra1+ 27. Kh2 Rb1 28. Nd4 Bc4 29. Nc6 g6 30. Kg3 Kg7 31. Rb6 Rb2 32. Ne5 Be6 33.
Nc6 Kf6 34. Nd4 b4 35. Nxe6 fxe6 36. Kf3 Ke5 37. Rb5+ Kd6 38. Rb6+ Kd5 39. e4+
Ke5 40. Rb5+ Kd4 41. Rb6 Rb3+ 42. Ke2 Rb2+ 43. Kf3 Ke5 44. Rb5+ Kd6 45. Rb6+
Kd7 46. Ke3 b3 47. g4 Rb1 48. Kd2 Rb2+ 49. Kc3 Rxf2 50. Rxb3 Rf3+ 51. Kc4 Rxb3
52. Kxb3 Kd6 53. Kc4 Ke5 54. Kd3 Kf4 55. Kd4 e5+ 56. Kd5 g5 57. Ke6 Kxe4 58.
Kf6 Kf4 0-1

[Event "10. Bayer Open"]
[Site "?"]
[Date "2012.02.22"]
[Round "4"]
[White "Arnold, Bodo"]
[Black "Wotzka, Anton"]
[Result "1/2-1/2"]
[WhiteElo "1615"]
[BlackElo "1598"]
[PlyCount "36"]
[EventDate "2012.??.??"]
[SourceDate "2012.01.12"]

1. Nf3 d5 2. c4 e6 3. g3 Nf6 4. b3 Be7 5. Bg2 O-O 6. O-O b6 7. Nc3 Bb7 8. d4 c5
9. dxc5 dxc4 10. cxb6 cxb3 11. axb3 axb6 12. Be3 Nbd7 13. Nd4 Bxg2 14. Kxg2
Rxa1 15. Qxa1 Qa8+ 16. Kg1 Rc8 17. Na4 Nd5 18. Bd2 Bb4 1/2-1/2

[Event "10. Bayer Open"]
[Site "?"]
[Date "2012.02.22"]
[Round "4"]
[White "Elsweiler, Karl-Heinz"]
[Black "Hümer, Dominik"]
[Result "1-0"]
[WhiteElo "1588"]
[BlackElo "1477"]
[PlyCount "101"]
[EventDate "2012.??.??"]
[SourceDate "2012.01.12"]

1. b4 d5 2. Bb2 Bf5 3. e3 Nf6 4. Nf3 h6 5. c4 e6 6. c5 Be7 7. Nc3 a6 8. Be2
Nbd7 9. a3 O-O 10. O-O Re8 11. Nd4 Nb8 12. Nxf5 exf5 13. Bf3 c6 14. Qc2 Ne4 15.
d3 Nxc3 16. Bxc3 Bf6 17. d4 g6 18. Be2 Qe7 19. a4 Qe4 20. Bd3 Qh4 21. Be1 Bd8
22. f4 Qe7 23. Rf3 Nd7 24. Rg3 Kf8 25. Rh3 Nf6 26. Bh4 h5 27. Re1 Qe6 28. Bxf6
Bxf6 29. Re2 Qd7 30. Kf1 Qc7 31. Rf3 b5 32. a5 Qd7 33. h3 Kg7 34. g3 Rh8 35.
Rg2 Rag8 36. Rg1 Kf8 37. Rf2 Rg7 38. Rfg2 Qe6 39. Qe2 Rhg8 40. Qf3 Ke7 41. g4
hxg4 42. hxg4 Kd8 43. gxf5 gxf5 44. Rxg7 Rxg7 45. Rxg7 Bxg7 46. Qh3 Qh6 47.
Bxf5 Qxh3+ 48. Bxh3 Bf6 49. Ke2 Kc7 50. Bf5 Bg7 51. Kf3 1-0

[Event "10. Bayer Open"]
[Site "?"]
[Date "2012.02.22"]
[Round "4"]
[White "Pütz, Viktor"]
[Black "Gnass, Arno"]
[Result "0-1"]
[WhiteElo "1600"]
[BlackElo "1847"]
[PlyCount "121"]
[EventDate "2012.??.??"]
[SourceDate "2012.01.12"]

1. d4 Nf6 2. Nf3 g6 3. e3 Bg7 4. c4 O-O 5. Be2 d6 6. O-O Nbd7 7. Nbd2 c5 8. b3
cxd4 9. Nxd4 Re8 10. Bb2 a6 11. Rc1 Nf8 12. Qc2 Ne6 13. N2f3 b6 14. Rfd1 Bd7
15. b4 Rc8 16. Nxe6 Bxe6 17. Qa4 Qc7 18. Qxa6 Ra8 19. Qb5 Bd7 20. Qg5 h6 21.
Qh4 g5 22. Qd4 Rxa2 23. Rc2 Ba4 24. Rdc1 Bxc2 25. Rxc2 Nh5 26. Qd2 Bxb2 27.
Rxb2 Ra1+ 28. Ne1 Nf6 29. f3 Rea8 30. Kf2 d5 31. Rc2 Qxh2 32. cxd5 g4 33. e4
g3+ 34. Ke3 Qg1+ 35. Kd3 R8a3+ 36. Kc4 Qxe1 37. Qxh6 Ra4 38. Kd3 R1a3+ 39. Kd4
Qxb4+ 40. Ke5 Qd6+ 41. Kf5 Qd7+ 42. Kg5 Nh7+ 43. Kh4 Ra1 44. Qxb6 Qd6 45. Qxd6
exd6 46. Kxg3 R1a2 47. Rxa2 Rxa2 48. Bb5 Rb2 49. Bd7 Kg7 50. Bh3 f6 51. Bf5 Ng5
52. Bd7 Nf7 53. Bf5 Rb3 54. Kf4 Ne5 55. Be6 Rb2 56. Kg3 Kh6 57. Bf5 Rb3 58. Kf4
Rb2 59. Kg3 Rd2 60. Be6 Ng6 61. Bf5 {
... und weitere Züge später, in extremer schwarzer Zeitnot:} 0-1

[Event "10. Bayer Open"]
[Site "?"]
[Date "2012.02.22"]
[Round "4"]
[White "Jacobi, Bernd"]
[Black "Vitz, Hans-Joachim"]
[Result "1/2-1/2"]
[WhiteElo "1471"]
[BlackElo "1796"]
[PlyCount "51"]
[EventDate "2012.??.??"]
[SourceDate "2012.01.12"]

1. d4 d5 2. Nf3 e6 3. c3 Bd6 4. Bg5 Nf6 5. Nbd2 h6 6. Bh4 Nbd7 7. e4 dxe4 8.
Nxe4 Be7 9. Nxf6+ Bxf6 10. Bg3 O-O 11. Bd3 Re8 12. O-O c5 13. dxc5 Nxc5 14. Bc2
a5 15. Qe2 e5 16. Nxe5 Bxe5 17. Bxe5 Qe7 18. Rfe1 Nd7 19. f4 Nxe5 20. fxe5 Qc5+
21. Qf2 Qxf2+ 22. Kxf2 Be6 23. Rad1 Rad8 24. a3 Bg4 25. Rxd8 Rxd8 26. Kg3
1/2-1/2

[Event "10. Bayer Open"]
[Site "?"]
[Date "2012.02.22"]
[Round "4"]
[White "Ringeltaube, Denny"]
[Black "Fröhling, Ewald"]
[Result "1/2-1/2"]
[WhiteElo "1687"]
[BlackElo "1447"]
[PlyCount "91"]
[EventDate "2012.??.??"]
[SourceDate "2012.01.12"]

1. d4 d5 2. c4 dxc4 3. e4 e5 4. d5 Bc5 5. Qc2 a6 6. a4 Nf6 7. Bg5 Qd6 8. Bxf6
Qxf6 9. Bxc4 Qg5 10. g3 O-O 11. Nf3 Qf6 12. Be2 Qb6 13. Bd3 Re8 14. Nc3 Bg4 15.
Nh4 Qf6 16. h3 Bf3 17. Rh2 Nd7 18. Be2 Bxe2 19. Qxe2 Bb6 20. Qf3 Qxf3 21. Nxf3
Nc5 22. b4 Nd3+ 23. Kd2 Nxb4 24. a5 Bc5 25. Na4 Bd6 26. Rhh1 f5 27. exf5 Nxd5
28. Ke2 h6 29. Rhd1 Nb4 30. Nd2 Nc2 31. Ra2 Nd4+ 32. Ke3 Nxf5+ 33. Ke4 Nd4 34.
Nc4 Rad8 35. Nc3 Ne6 36. h4 Nc5+ 37. Ke3 Ne6 38. Nxd6 Rxd6 39. Rb1 Nc5 40. Ke2
Rb8 41. Na4 Nxa4 42. Rxa4 Rd4 43. Ra3 Rd7 44. Rc1 Kf7 45. Rc5 Ke6 46. Re3
1/2-1/2

[Event "10. Bayer Open"]
[Site "?"]
[Date "2012.02.22"]
[Round "4"]
[White "Falge, Rainer"]
[Black "Ramien, David"]
[Result "1-0"]
[WhiteElo "1642"]
[BlackElo "1450"]
[PlyCount "47"]
[EventDate "2012.??.??"]
[SourceDate "2012.01.12"]

1. e4 e5 2. f4 exf4 3. Nf3 Ne7 4. d4 Ng6 5. Bc4 d6 6. Nc3 Be7 7. O-O O-O 8. Nd5
Nc6 9. Nxf4 Nxf4 10. Bxf4 Bf6 11. c3 Re8 12. Bd3 Bd7 13. Qc2 g6 {
Schwarz bietet Remis an.} 14. Rae1 Bg7 15. Qb3 Rf8 16. Ng5 Be8 17. Re3 Nxd4 18.
cxd4 Bxd4 19. Kh1 Bxe3 20. Bxe3 b6 21. Bc4 Qe7 22. Bd2 Qd7 23. Qf3 h6 24. Ne6
1-0

[Event "10. Bayer Open"]
[Site "?"]
[Date "2012.02.22"]
[Round "4"]
[White "Westphal, Gerhard"]
[Black "Kuhnert, Klaus"]
[Result "1-0"]
[WhiteElo "1407"]
[BlackElo "1450"]
[PlyCount "89"]
[EventDate "2012.??.??"]
[SourceDate "2012.01.12"]
[TimeControl "360"]

1. c4 {[%emt 0:00:00]} e5 {[%emt 0:00:00]} 2. e4 {[%emt 0:00:00]} Bc5 {
[%emt 0:00:00]} 3. Nf3 {[%emt 0:00:00]} d6 {[%emt 0:00:26]} 4. d4 {
[%emt 0:00:14]} exd4 {[%emt 0:00:11]} 5. Nxd4 {[%emt 0:00:04]} Qf6 {
[%emt 0:00:00]} 6. Be3 {[%emt 0:00:00]} Bd7 {[%emt 0:00:00]} 7. Nc3 {
[%emt 0:00:19]} Ne7 {[%emt 0:00:11]} 8. Nc2 {[%emt 0:00:00]} Nbc6 {
[%emt 0:00:13]} 9. Bxc5 {[%emt 0:00:07]} dxc5 {[%emt 0:00:03]} 10. Bd3 {
[%emt 0:00:07]} O-O-O {[%emt 0:00:11]} 11. O-O {[%emt 0:00:07]} Ne5 {
[%emt 0:00:00]} 12. Ne1 {[%emt 0:00:00]} Bc6 {[%emt 0:00:00]} 13. Nd5 {
[%emt 0:00:11]} Qd6 {[%emt 0:00:05]} 14. f4 {[%emt 0:00:00]} Nd7 {
[%emt 0:00:00]} 15. e5 {[%emt 0:00:00]} Qe6 {[%emt 0:00:00]} 16. Be4 {
[%emt 0:00:00]} f5 {[%emt 0:00:00]} 17. Nxe7+ {[%emt 0:00:14]} Qxe7 {
[%emt 0:00:16]} 18. Bxc6 {[%emt 0:00:07]} Nb8 {[%emt 0:00:23]} 19. Bxb7+ {
[%emt 0:00:00]} Kxb7 {[%emt 0:00:00]} 20. Qb3+ {[%emt 0:00:35]} Ka8 {
[%emt 0:00:00]} 21. Qf3+ {[%emt 0:00:00]} c6 {[%emt 0:00:14]} 22. Nc2 {
[%emt 0:00:05]} Rd7 {[%emt 0:00:00]} 23. Rad1 {[%emt 0:00:00]} Rhd8 {
[%emt 0:00:15]} 24. Rxd7 {[%emt 0:00:08]} Qxd7 {[%emt 0:00:00]} 25. h3 {
[%emt 0:00:06]} g6 {[%emt 0:00:10]} 26. Kh2 {[%emt 0:00:17]} h6 {[%emt 0:00:00]
} 27. Na3 {[%emt 0:00:00]} Qd4 {[%emt 0:00:00]} 28. b3 {[%emt 0:00:08]} g5 {
[%emt 0:00:08]} 29. Qf2 {[%emt 0:00:00]} g4 {[%emt 0:00:00]} 30. hxg4 {
[%emt 0:00:03]} fxg4 {[%emt 0:00:06]} 31. Qxd4 {[%emt 0:00:00]} cxd4 {
[%emt 0:00:08]} 32. e6 {[%emt 0:00:00]} d3 {[%emt 0:00:06]} 33. Rd1 {
[%emt 0:00:00]} c5 {[%emt 0:00:00]} 34. f5 {[%emt 0:00:03]} Nc6 {[%emt 0:00:17]
} 35. f6 {[%emt 0:00:02]} Ne5 {[%emt 0:00:08]} 36. Nb5 {[%emt 0:00:00]} g3+ {
[%emt 0:00:08]} 37. Kxg3 {[%emt 0:00:06]} Kb7 {[%emt 0:00:00]} 38. e7 {
[%emt 0:00:00]} Rg8+ {[%emt 0:00:00]} 39. Kf4 {[%emt 0:00:01]} Ng6+ {
[%emt 0:00:09]} 40. Ke4 {[%emt 0:00:00]} Nxe7 {[%emt 0:00:00]} 41. fxe7 {
[%emt 0:00:01]} Kc6 {[%emt 0:00:06]} 42. Rxd3 {[%emt 0:00:00]} Re8 {
[%emt 0:00:05]} 43. Rd6+ {[%emt 0:00:00]} Kb7 {[%emt 0:00:06]} 44. Rd7+ {
[%emt 0:00:00]} Kc8 {[%emt 0:00:04]} 45. Rxa7 {[%emt 0:00:00]} 1-0

[Event "10. Bayer Open"]
[Site "?"]
[Date "2012.02.22"]
[Round "4"]
[White "Roder, Stephan"]
[Black "Yon, Gregory"]
[Result "1/2-1/2"]
[WhiteElo "1391"]
[BlackElo "1447"]
[PlyCount "120"]
[EventDate "2012.??.??"]
[SourceDate "2012.01.12"]

1. e4 e5 2. Nf3 Nc6 3. Bb5 Nf6 4. d3 d6 5. Be3 Bd7 6. O-O Be7 7. Nbd2 O-O 8. c3
a6 9. Bxc6 Bxc6 10. h3 h6 11. Nh2 d5 12. f3 d4 13. cxd4 exd4 14. Bf4 Nh5 15.
Bxh6 gxh6 16. f4 Ng7 17. f5 Bg5 18. Ndf3 Be3+ 19. Kh1 f6 20. Nh4 Be8 21. Ng4
Bf7 22. Nxe3 dxe3 23. Qe2 Qd4 24. Rf3 Rad8 25. Rg3 Kh7 26. Rxe3 Rh8 27. g4 Kg8
28. Nf3 Qb6 29. a3 Rd6 30. e5 fxe5 31. Nxe5 Bd5+ 32. Kh2 Rf6 33. Nd7 Qd6+ 34.
Ne5 Kh7 35. Kg1 Re8 36. b4 Bc6 37. Nxc6 Qxc6 38. Rxe8 Qxe8 39. Qf3 Qc6 40. Qe4
Qxe4 41. dxe4 Rc6 42. Re1 Ne8 43. Re3 Kg7 44. Kf2 Kf6 45. e5+ Ke7 46. h4 Rc2+
47. Kg3 c6 48. g5 h5 49. g6 Rc4 50. Kh3 Rf4 51. f6+ Nxf6 52. exf6+ Kxf6 53. Rd3
Kxg6 54. Rg3+ Kh6 55. Rd3 Rf7 56. Rd6+ Kg7 57. Kg3 Rf6 58. Rd7+ Rf7 59. Rd6 Rc7
60. Kf4 c5 1/2-1/2

[Event "10. Bayer Open"]
[Site "?"]
[Date "2012.02.22"]
[Round "4"]
[White "Engels, Immanuel"]
[Black "Wilde, Christian"]
[Result "1/2-1/2"]
[WhiteElo "1528"]
[BlackElo "1026"]
[PlyCount "94"]
[EventDate "2012.??.??"]
[SourceDate "2012.01.12"]
[TimeControl "360"]

1. d4 Nf6 2. c4 e6 3. Nc3 b6 4. Bg5 d6 5. Nf3 Nbd7 6. d5 exd5 7. Nxd5 Bb7 8.
Rc1 c5 9. Qa4 Bxd5 10. cxd5 Be7 11. e4 O-O 12. Bb5 Nxe4 13. Bxd7 Nxg5 14. O-O
Nxf3+ 15. gxf3 a6 16. Bc6 Ra7 17. Rfe1 Bh4 18. Re4 Qg5+ 19. Rg4 Qxc1+ 20. Kg2
Bxf2 21. Kxf2 Qxb2+ 22. Kg3 Re7 23. Qf4 Re2 24. Qxd6 Rg2+ 25. Kf4 Qd2+ 26. Kf5
g6+ 27. Kf6 Qc3+ 28. Ke7 Rxa2 29. Kd7 Qg7 30. Re4 f5+ 31. Re7 Rf7 32. Qe6 Kf8
33. d6 Rd2 34. Bd5 Rxd5 35. Qxd5 Rxe7+ 36. dxe7+ Qxe7+ 37. Kc6 Qf7 38. Qd3 c4
39. Qa3+ Kg7 40. Kxb6 Qf6+ 41. Ka7 c3 42. Qc1 Qd4+ 43. Kxa6 Qd2 44. Qa3 c2 45.
Qe7+ Kh6 46. Qh4+ Kg7 47. Qe7+ Kg8 1/2-1/2

[Event "10. Bayer Open"]
[Site "?"]
[Date "2012.02.22"]
[Round "4"]
[White "Weber, Jakob Martin"]
[Black "Azimi, Reza"]
[Result "1-0"]
[WhiteElo "1195"]
[BlackElo "1410"]
[PlyCount "120"]
[EventDate "2012.??.??"]
[SourceDate "2012.01.12"]

1. e4 c5 2. Nf3 d6 3. Nc3 a6 4. d4 cxd4 5. Nxd4 e6 6. Be3 Bd7 7. Bc4 Nc6 8. O-O
Rc8 9. Nxc6 Bxc6 10. Bd4 Bxe4 11. Bxe6 Rxc3 12. Bxf7+ Kxf7 13. Bxc3 Nf6 14. Re1
d5 15. Qd2 Bc5 16. Bxf6 Qxf6 17. Rxe4 dxe4 18. Qd5+ Qe6 19. Qxc5 Rc8 20. Qh5+
Kg8 21. Qe2 Re8 22. b3 Kh8 23. Re1 h6 24. Qe3 Qc6 25. c4 b5 26. Qd4 bxc4 27.
Qxc4 Qg6 28. Qe2 a5 29. Qb5 Ra8 30. Qb7 Re8 31. Qd5 Rc8 32. Qxa5 Rc2 33. h3 Qf6
34. Qa8+ Kh7 35. Qxe4+ Qg6 36. Qxg6+ Kxg6 37. Ra1 Kf5 38. a4 Ke5 39. Kf1 Rc8
40. Ke2 Kd4 41. Kd2 Rb8 42. Ra3 Kc5 43. Kc3 Re8 44. a5 Kb5 45. a6 Ra8 46. b4
Kb6 47. a7 g5 48. Kc4 Kb7 49. b5 Rc8+ 50. Kb4 Ka8 51. b6 Rf8 52. b7+ Kxb7 53.
a8=Q+ Rxa8 54. Rxa8 Kxa8 55. Kc5 Kb7 56. Kd6 Kc8 57. Ke6 Kd8 58. Kf6 Ke8 59.
Kg6 Ke7 60. Kxh6 Kf6 1-0

[Event "10. Bayer Open"]
[Site "?"]
[Date "2012.02.22"]
[Round "4"]
[White "Teuber, Alfons"]
[Black "Schmidt, Werner"]
[Result "1-0"]
[WhiteElo "1061"]
[BlackElo "1372"]
[PlyCount "53"]
[EventDate "2012.??.??"]
[SourceDate "2012.01.12"]

1. e4 e5 2. Bc4 Nf6 3. d3 h6 4. a3 d6 5. h3 c6 6. Nc3 Nbd7 7. d4 Nb6 8. Ba2
exd4 9. Qxd4 Qe7 10. Be3 c5 11. Qd3 Bd7 12. O-O-O Bc6 13. f3 O-O-O 14. Nge2 g6
15. Nb5 Bxb5 16. Qxb5 Bg7 17. Qa5 Kb8 18. Nc3 Nc8 19. Bf4 Nh5 20. Bh2 Be5 21.
Bxe5 Qxe5 22. Nd5 Rd7 23. Rhe1 Nf4 24. Rd2 Rhd8 25. Ne3 h5 26. Nc4 d5 27. Nxe5
1-0

[Event "10. Bayer Open"]
[Site "?"]
[Date "2012.02.22"]
[Round "4"]
[White "Rodewald, Horst"]
[Black "Khananyev, Shalmi"]
[Result "1/2-1/2"]
[WhiteElo "1309"]
[BlackElo "1183"]
[PlyCount "43"]
[EventDate "2012.??.??"]
[SourceDate "2012.01.12"]

1. e4 c5 2. Nf3 d6 3. Nc3 a6 4. Be2 g6 5. O-O Nc6 6. Nd5 e6 7. Nf4 Bg7 8. c3
Nf6 9. Bd3 e5 10. Nd5 Be6 11. Re1 Bxd5 12. exd5 Nxd5 13. Bc4 Nf6 14. d3 Qd7 15.
Ng5 O-O 16. a3 d5 17. Ba2 b6 18. b3 Qd6 19. Kh1 Nd7 20. Nh3 f5 21. b4 Kh8 22.
Bg5 1/2-1/2

[Event "10. Bayer Open"]
[Site "?"]
[Date "2012.03.07"]
[Round "5"]
[White "Balduan, Markus"]
[Black "Khanukov, Boris"]
[Result "1/2-1/2"]
[WhiteElo "2189"]
[BlackElo "2236"]
[PlyCount "23"]
[EventDate "2012.??.??"]
[SourceDate "2012.01.12"]

1. d4 d5 2. c4 e6 3. Nc3 Nf6 4. Bg5 Be7 5. e3 O-O 6. Nf3 h6 7. Bh4 b6 8. cxd5
Nxd5 9. Bxe7 Qxe7 10. Nxd5 exd5 11. Rc1 Be6 12. Qa4 1/2-1/2